000 00649nam a2200205 i 4500
001 79483
003 ES-MaACL
005 20230906174003.0
007 t|
008 041021s1952 sp ||||1| spa d
100 1 _aHernández Robredo, Leopoldo.
_963038
245 1 0 _aMeteorología física y climatológica agrícolas /
_cLeopoldo Hernández Robredo.
250 _a[1ª ed.].
260 _aBarcelona :
_bSalvat,
_c1952 (
_fImp. Hispano-Americana)
300 _aXXVIII, 370 p., 1 lám. :
_bil. ;
_c23 cm.
490 1 _aAgrícola Salvat
830 0 _aAgrícola Salvat
_9181573
852 _aES-MaACL
_jD-8029
_bR.32933
999 _c79483
_d79483